[Event "Mondiale Lampo FIDE 2022"]
[Site "Alma Ata"]
[Date "30.12.2022"]
[Round "13.62"]
[White "Yudin, Sergei"]
[Black "Harsha, Bharathakoti"]
[Result "0-1"]
[WhiteTitle ""]
[BlackTitle ""]
[WhiteElo "2469"]
[BlackElo "2593"]
[WhiteFideId "4159659"]
[BlackFideId "5078776"]
[EventDate "29.12.2022"]

1. e4 c5 2. Nf3 Nc6 3. Bb5 e5 4. O-O Bd6 5. c3 a6 6. Ba4 b5 7. Bc2 Nge7 8. a4 b4
9. d4 bxc3 10. dxe5 cxb2 11. Bxb2 Bc7 12. Na3 O-O 13. Nc4 Ng6 14. Bc3 Qe7 15.
Nd6 Ncxe5 16. Nf5 Qe8 17. Nd2 f6 18. f4 Nc6 19. Bb3+ Kh8 20. Qg4 d6 21. Bd5 Rb8
22. Rae1 Nce7 23. Nc4 Nxd5 24. exd5 Qd8 25. Qh5 Rb3 26. Ba1 Rb4 27. Re4 Re8 28.
Nh6 Rf8 29. Rfe1 Bd7 30. Nf5 Qc8 31. Nfxd6 Bxd6 32. Nxd6 Qb8 33. Rxb4 cxb4 34.
Nf5 Qxf4 35. Ng3 b3 36. Qe2 Qd6 37. Kh1 Rb8 38. Bb2 Qxd5 39. Rd1 Qe6 40. Qd2
Bxa4 41. Re1 Qd7 42. Qa5 Bc6 43. Qc3 Nf4 44. Nf5 Bxg2+ 45. Kg1 Qxf5 46. Qe3 h6
47. Bc1 Bc6 0-1

[Event "Mondiale Lampo FIDE 2022"]
[Site "Alma Ata"]
[Date "30.12.2022"]
[Round "13.63"]
[White "Vokhidov, Shamsiddin"]
[Black "Uskov, Artem"]
[Result "1-0"]
[WhiteTitle ""]
[BlackTitle ""]
[WhiteElo "2579"]
[BlackElo "2376"]
[WhiteFideId "14204223"]
[BlackFideId "34254854"]
[EventDate "29.12.2022"]

1. e4 c5 2. Nf3 d6 3. Bb5+ Nd7 4. a4 Nf6 5. Nc3 a6 6. Be2 g6 7. O-O Bg7 8. d4
cxd4 9. Nxd4 O-O 10. Be3 Nc5 11. f3 Bd7 12. Qd2 Rc8 13. a5 Qc7 14. Rfd1 Ne6 15.
Nb3 Bc6 16. Nd5 Bxd5 17. exd5 Qxc2 18. dxe6 Qxb3 19. exf7+ Qxf7 20. Rac1 Kh8 21.
Bf2 Nd7 22. Qb4 Nc5 23. Bxc5 dxc5 24. Qxb7 Rb8 25. Qxa6 Bd4+ 26. Kh1 Rxb2 27.
Qc4 Qf6 28. Rb1 Rxb1 29. Rxb1 Qe5 30. a6 Ra8 31. Bd3 Qd6 32. g3 Qf6 33. Qd5 Rxa6
34. Bxa6 Qxa6 35. Qd8+ Kg7 36. Qxe7+ Kh6 37. Qh4+ Kg7 38. Qe4 Bf6 39. Qb7+ Qxb7
40. Rxb7+ Kh6 41. Rc7 Bd4 42. f4 g5 43. fxg5+ Kxg5 44. Kg2 h5 45. Kf3 Kf5 1-0

[Event "Mondiale Lampo FIDE 2022"]
[Site "Alma Ata"]
[Date "30.12.2022"]
[Round "13.64"]
[White "Bologan, Victor"]
[Black "Lintchevski, Daniil"]
[Result "0-1"]
[WhiteTitle ""]
[BlackTitle ""]
[WhiteElo "2574"]
[BlackElo "2548"]
[WhiteFideId "13900048"]
[BlackFideId "4171055"]
[EventDate "29.12.2022"]

1. e4 c5 2. Nf3 e6 3. d3 d5 4. Qe2 Nf6 5. g3 Nc6 6. Bg2 Be7 7. O-O O-O 8. e5 Nd7
9. c4 b5 10. cxb5 Nd4 11. Nxd4 cxd4 12. Nd2 a6 13. Nf3 Qb6 14. b3 axb5 15. Bb2
Bc5 16. a3 b4 17. a4 Ba6 18. Rfc1 Rac8 19. Bf1 Qa7 20. Rc2 Bb6 21. a5 Bc5 22.
Qd2 Qb7 23. Rxc5 Rxc5 24. Bxd4 Rc7 25. Ra4 Rb8 26. h4 Nc5 27. Bxc5 Rxc5 28. h5
h6 29. Nd4 Rc3 30. g4 Qe7 31. Be2 Rbc8 32. Ra1 Qh4 33. Qe3 Bxd3 34. Bxd3 Qxg4+
35. Kh2 Rxd3 36. Qxd3 Rc3 0-1

[Event "Mondiale Lampo FIDE 2022"]
[Site "Alma Ata"]
[Date "30.12.2022"]
[Round "13.65"]
[White "Puranik, Abhimanyu"]
[Black "Ter-Sahakyan, Samvel"]
[Result "0-1"]
[WhiteTitle ""]
[BlackTitle ""]
[WhiteElo "2616"]
[BlackElo "2605"]
[WhiteFideId "5061245"]
[BlackFideId "13302531"]
[EventDate "29.12.2022"]

1. Nf3 d5 2. g3 g6 3. Bg2 Bg7 4. d4 Nf6 5. O-O O-O 6. c3 a5 7. a4 c6 8. Bf4 Bf5
9. Qb3 Qc8 10. Nbd2 h6 11. Rac1 Na6 12. Rfe1 Re8 13. c4 Be6 14. Be5 Nb4 15. cxd5
Bxd5 16. Qa3 Ne4 17. Bxg7 Kxg7 18. Nxe4 Bxe4 19. Ne5 Bxg2 20. Kxg2 Qe6 21. e4
Rad8 22. Qe3 h5 23. h4 Qd6 24. Red1 Qb8 25. Rc5 f6 26. Nf3 b6 27. Rcc1 Qd6 28.
Rc4 Qe6 29. Rdc1 Rd6 30. e5 Rd7 31. b3 Kh7 32. Nd2 Qd5+ 33. Nf3 Rf8 34. Kg1 Kg7
35. Nd2 fxe5 36. Ne4 exd4 37. Qe2 d3 38. Qb2+ e5 39. Ng5 Rf5 40. Rd1 c5 41. Rd2
Nc6 42. Qc1 Nd4 43. Kh2 Rxg5 44. hxg5 Nf3+ 45. Kh3 Nxd2 0-1

[Event "Mondiale Lampo FIDE 2022"]
[Site "Alma Ata"]
[Date "30.12.2022"]
[Round "13.66"]
[White "Zhalmakhanov, Ramazan"]
[Black "Savchenko, Boris"]
[Result "1-0"]
[WhiteTitle ""]
[BlackTitle ""]
[WhiteElo "2401"]
[BlackElo "2552"]
[WhiteFideId "13706357"]
[BlackFideId "4147332"]
[EventDate "29.12.2022"]

1. e4 e6 2. d3 d5 3. Nd2 c5 4. Ngf3 Nc6 5. g3 Nf6 6. Bg2 g6 7. O-O Bg7 8. exd5
Nxd5 9. Ne4 b6 10. Bg5 f6 11. Bd2 O-O 12. Re1 Bb7 13. a3 h6 14. Rb1 f5 15. Nc3
Qd7 16. Nxd5 exd5 17. b4 Kh7 18. bxc5 bxc5 19. Be3 d4 20. Bf4 Rae8 21. h4 Ba8
22. Qd2 Rxe1+ 23. Rxe1 Re8 24. Qc1 Nd8 25. Rxe8 Qxe8 26. h5 g5 27. Bxg5 Bxf3 28.
Bxf3 hxg5 29. Qxg5 Qf8 30. Qg6+ Kh8 31. Bd5 Qf6 32. Qe8+ Qf8 33. Qd7 Bf6 34.
Qxf5 Qe7 35. Kg2 Bg7 36. Be4 Kg8 37. Bd5+ Kh8 38. Be4 Kg8 39. Qh7+ Kf8 40. Qg6
Nf7 41. Bd5 Ne5 42. Qf5+ Qf6 43. Qc8+ Ke7 44. Qxc5+ Qd6 45. Qxa7+ Nd7 46. Be4
Qc5 47. Qxc5+ Nxc5 48. Bf5 Bh6 49. f4 Na4 50. Kf3 Nc3 51. Be4 Ke6 52. g4 Bf8 53.
g5 Bxa3 54. h6 Bf8 55. Kg4 Nd1 56. f5+ Ke5 57. f6 Nf2+ 58. Kh5 Nh3 59. Kg6 Nf4+
60. Kf7 Ne6 61. h7 Bd6 62. h8=Q Nxg5+ 63. Kg6 1-0

[Event "Mondiale Lampo FIDE 2022"]
[Site "Alma Ata"]
[Date "30.12.2022"]
[Round "13.67"]
[White "Yilmaz, Mustafa"]
[Black "Sankalp, Gupta"]
[Result "1-0"]
[WhiteTitle ""]
[BlackTitle ""]
[WhiteElo "2617"]
[BlackElo "2485"]
[WhiteFideId "6302718"]
[BlackFideId "5097010"]
[EventDate "29.12.2022"]

1. d4 Nf6 2. c4 e6 3. Nf3 d5 4. Nc3 a6 5. c5 b6 6. cxb6 c5 7. e3 Nbd7 8. Bd3
Qxb6 9. O-O Bb7 10. b3 Rc8 11. Na4 Qa7 12. Ba3 cxd4 13. Bxf8 Nxf8 14. exd4 N8d7
15. b4 Bc6 16. Nc5 Bb5 17. a4 Bxd3 18. Qxd3 Ra8 19. Rfc1 O-O 20. Rab1 Rfc8 21.
h3 h6 22. a5 Ne8 23. Ne5 Ndf6 24. Na4 Rxc1+ 25. Rxc1 Nd6 26. Nb6 Re8 27. Rc6 Nb5
28. f3 Qe7 29. Rc5 Nh5 30. Rxb5 axb5 31. Qxb5 Rf8 32. a6 Qg5 33. Qe2 Nf4 34. Qa2
Nxh3+ 35. Kh2 Nf4 36. g3 Nh5 37. Qf2 Qd8 38. Ned7 Qc7 39. Nxf8 Qxb6 40. Nd7 Qxa6
41. Qc2 Kh8 42. g4 Nf6 43. Ne5 Kg8 44. Kg3 Qb7 45. Qc5 Qb8 46. Qe7 Qf8 47. Qb7
h5 48. g5 Nh7 49. f4 Qe8 50. b5 f6 51. Qd7 Qxd7 52. Nxd7 Kf7 53. b6 fxg5 54. b7 1-0

[Event "Mondiale Lampo FIDE 2022"]
[Site "Alma Ata"]
[Date "30.12.2022"]
[Round "13.68"]
[White "Narayanan, S.L."]
[Black "Aleksandrov, Aleksej"]
[Result "0-1"]
[WhiteTitle ""]
[BlackTitle ""]
[WhiteElo "2669"]
[BlackElo "2495"]
[WhiteFideId "5058422"]
[BlackFideId "13500139"]
[EventDate "29.12.2022"]

1. e4 e5 2. Bc4 Nf6 3. d3 c6 4. Nf3 Be7 5. Bb3 d6 6. Nbd2 Na6 7. a3 Nc5 8. Ba2
Be6 9. Bb1 a5 10. c3 h6 11. d4 Ncd7 12. O-O O-O 13. Re1 a4 14. Bc2 b5 15. Nf1
Qc7 16. Ng3 Rfe8 17. h3 Bf8 18. Be3 Rad8 19. Qc1 Qb8 20. Nh4 Nb6 21. Nhf5 Kh7
22. d5 Bxf5 23. Nxf5 Nc4 24. dxc6 Qc7 25. f3 g6 26. Ng3 Qxc6 27. Bf2 h5 28. Nf1
Bh6 29. Qb1 d5 30. exd5 Nxd5 31. Kh1 Kg7 32. Qa2 Nf4 33. Rad1 Nxh3 34. gxh3
Qxf3+ 35. Kg1 Qxh3 36. Be4 Qg4+ 37. Bg2 Rxd1 0-1

[Event "Mondiale Lampo FIDE 2022"]
[Site "Alma Ata"]
[Date "30.12.2022"]
[Round "13.69"]
[White "Gareyev, Timur"]
[Black "Suyarov, Mukhammadzokhid"]
[Result "1-0"]
[WhiteTitle ""]
[BlackTitle ""]
[WhiteElo "2602"]
[BlackElo "2299"]
[WhiteFideId "14200937"]
[BlackFideId "14210495"]
[EventDate "29.12.2022"]

1. d4 e6 2. e3 Nf6 3. Bd3 b6 4. Nf3 Bb7 5. O-O d5 6. Ne5 Nbd7 7. f4 g6 8. Bd2
Ne4 9. Bb5 Nf6 10. Be1 a6 11. Bd3 c5 12. Bh4 Be7 13. Nd2 c4 14. Be2 b5 15. c3 h5
16. Bf3 Ng8 17. Bf2 Nh6 18. e4 Nxe5 19. fxe5 Qd7 20. a4 b4 21. exd5 exd5 22. Qe2
b3 23. Nxc4 dxc4 24. e6 fxe6 25. Bxb7 Qxb7 26. Qxe6 Rc8 27. d5 Nf7 28. Bh4 Rf8
29. Bxe7 1-0

[Event "Mondiale Lampo FIDE 2022"]
[Site "Alma Ata"]
[Date "30.12.2022"]
[Round "13.70"]
[White "Harutyunyan, Tigran K."]
[Black "Sjugirov, Sanan"]
[Result "0-1"]
[WhiteTitle ""]
[BlackTitle ""]
[WhiteElo "2511"]
[BlackElo "2712"]
[WhiteFideId "13303635"]
[BlackFideId "4189302"]
[EventDate "29.12.2022"]

1. d4 Nf6 2. c4 e6 3. Nc3 Bb4 4. a3 Bxc3+ 5. bxc3 b6 6. f3 Bb7 7. e4 d6 8. Bd3
Nfd7 9. Ne2 Qh4+ 10. Ng3 Nc6 11. O-O h5 12. Be3 Qe7 13. a4 h4 14. Ne2 h3 15. g3
Na5 16. Nc1 Ba6 17. c5 Bxd3 18. Nxd3 dxc5 19. dxc5 Nc4 20. Bf2 O-O 21. f4 Rad8
22. Qe2 Nf6 23. Bd4 Na5 24. Rab1 Nc6 25. Bf2 e5 26. fxe5 Nxe5 27. Nf4 Rd2 28.
Qa6 Nf3+ 29. Kh1 Qxe4 0-1

[Event "Mondiale Lampo FIDE 2022"]
[Site "Alma Ata"]
[Date "30.12.2022"]
[Round "13.71"]
[White "Petkov, Momchil"]
[Black "Najer, Evgeniy"]
[Result "0-1"]
[WhiteTitle ""]
[BlackTitle ""]
[WhiteElo "2531"]
[BlackElo "2662"]
[WhiteFideId "2921642"]
[BlackFideId "4118987"]
[EventDate "29.12.2022"]

1. e4 e5 2. Nf3 Nc6 3. Bb5 a6 4. Ba4 Nf6 5. d3 Bc5 6. Bg5 h6 7. Bh4 g5 8. Bg3 d6
9. c3 Ba7 10. Nbd2 Bd7 11. b4 Nh5 12. Nf1 Nf4 13. Ne3 Bxe3 14. fxe3 Nxg2+ 15.
Kd2 g4 16. Ne1 Nh4 17. Rf1 Qe7 18. Bb3 f5 19. exf5 Qg5 20. f6 O-O-O 21. Qe2 Rdf8
22. Qf2 Nf5 23. f7 h5 24. h4 gxh3 25. Bh2 Nh6 26. Bg3 Ng4 27. Qf3 h4 28. Bf2 Nh2
29. Qe2 Nxf1+ 30. Qxf1 Qg4 31. Qh1 Be6 32. Bxe6+ Qxe6 33. Nc2 Rxf7 34. Rf1 Rhf8
35. Ke1 Kb8 0-1

[Event "Mondiale Lampo FIDE 2022"]
[Site "Alma Ata"]
[Date "30.12.2022"]
[Round "13.72"]
[White "Hambleton, Aman"]
[Black "Khripachenko, Alexander"]
[Result "1-0"]
[WhiteTitle ""]
[BlackTitle ""]
[WhiteElo "2437"]
[BlackElo "2219"]
[WhiteFideId "2606577"]
[BlackFideId "54184975"]
[EventDate "29.12.2022"]

1. d4 d5 2. Bf4 c5 3. e3 cxd4 4. exd4 Nc6 5. c3 Bf5 6. Nf3 e6 7. Nbd2 h6 8. h3
Bd6 9. Bxd6 Qxd6 10. Be2 Nf6 11. O-O O-O 12. Re1 Rab8 13. a4 a6 14. a5 Qc7 15.
Qa4 Rbc8 16. Qa3 Rfe8 17. Bf1 Be4 18. Nxe4 Nxe4 19. Bd3 f5 20. Re2 Rcd8 21. Qa4
Kh8 22. Nd2 Ne7 23. Rae1 Ng6 24. Nf1 Qf7 25. g3 Qf6 26. Qc2 h5 27. h4 Rc8 28.
Nh2 Nxh4 29. gxh4 Qxh4 30. Re3 Rf8 31. f3 Ng5 32. Kh1 Nh3 33. Rf1 Nf4 34. Qf2
Qf6 35. Bc2 g5 36. Re5 Rg8 37. Rfe1 Rg7 38. Qe3 Rcg8 39. Rxe6 Nxe6 40. Qxe6 Qxe6
41. Rxe6 Rf8 42. Nf1 g4 43. f4 h4 44. Ne3 h3 45. Kh2 Rgf7 46. Nf1 Kg7 47. Ng3
Rf6 48. Nh5+ 1-0

[Event "Mondiale Lampo FIDE 2022"]
[Site "Alma Ata"]
[Date "30.12.2022"]
[Round "13.73"]
[White "Utegaliyev, Azamat"]
[Black "Burmakin, Vladimir"]
[Result "0-1"]
[BlackTitle ""]
[WhiteElo "2445"]
[BlackElo "2498"]
[WhiteFideId "13702467"]
[BlackFideId "4105109"]
[EventDate "29.12.2022"]

1. b3 d5 2. Bb2 Bf5 3. e3 e6 4. Nf3 Nf6 5. c4 Be7 6. Nc3 O-O 7. cxd5 exd5 8. Be2
c6 9. O-O h6 10. Re1 Nbd7 11. Bf1 Re8 12. g3 a5 13. d4 Ne4 14. Nxe4 Bxe4 15. Nd2
Bg6 16. a3 Nf6 17. Nf3 Bh5 18. Be2 Ne4 19. Ne5 Bxe2 20. Rxe2 Bf8 21. Kg2 Qd6 22.
Nd3 Qf6 23. f3 Nd6 24. Qc2 Qg6 25. Rae1 h5 26. Qd1 Qh6 27. Bc1 Qf6 28. Bb2 Qh6
29. Ne5 h4 30. g4 f6 31. Nd3 h3+ 32. Kg1 f5 33. gxf5 Nxf5 34. Bc1 Qg6+ 35. Kh1
Bd6 36. Rg1 Qh5 37. Qf1 Re6 38. Rg4 Rae8 39. Nf4 Bxf4 0-1

[Event "Mondiale Lampo FIDE 2022"]
[Site "Alma Ata"]
[Date "30.12.2022"]
[Round "13.74"]
[White "Fedorov, Alexei"]
[Black "Degenbaev, Aziz"]
[Result "1-0"]
[WhiteTitle ""]
[WhiteElo "2475"]
[BlackElo "2139"]
[WhiteFideId "13500465"]
[BlackFideId "13802640"]
[EventDate "29.12.2022"]

1. e4 c5 2. Nc3 Nc6 3. Nge2 g6 4. d4 cxd4 5. Nxd4 Bg7 6. Be3 Nf6 7. Be2 d6 8.
Nb3 a6 9. f4 O-O 10. g4 b5 11. g5 Nd7 12. h4 Bb7 13. h5 b4 14. Na4 Na5 15. hxg6
hxg6 16. Qd3 Bc6 17. O-O-O Bxa4 18. Rh4 Bxb3 19. axb3 Rc8 20. Rdh1 Re8 21. Bd4
e5 22. Qh3 Kf8 23. Rh7 exd4 24. Rxg7 Qc7 25. Bd3 Nc5 26. Qh8+ Ke7 27. Rxf7+ Kxf7
28. Qf6+ 1-0

[Event "Mondiale Lampo FIDE 2022"]
[Site "Alma Ata"]
[Date "30.12.2022"]
[Round "13.75"]
[White "Gadimbayli, Abdulla"]
[Black "Narayanan, Srinath"]
[Result "0-1"]
[WhiteTitle ""]
[BlackTitle ""]
[WhiteElo "2524"]
[BlackElo "2559"]
[WhiteFideId "13404938"]
[BlackFideId "5018420"]
[EventDate "29.12.2022"]

1. e4 c6 2. Nf3 d5 3. exd5 cxd5 4. Ne5 Nf6 5. d4 Nbd7 6. c3 g6 7. Bd3 Bg7 8. f4
O-O 9. Nd2 Ne8 10. Qf3 Nxe5 11. fxe5 f6 12. exf6 Nxf6 13. O-O Qd6 14. Qf4 Qxf4
15. Rxf4 Bh6 16. Rf1 Be3+ 17. Kh1 Ng4 18. Nf3 Nf2+ 19. Kg1 Bxc1 20. Rxf2 Be3 21.
h3 Bxh3 22. Kf1 Bxf2 23. Kxf2 Bg4 24. Re1 Bxf3 25. gxf3 Rf7 26. Re5 Rd8 27. Bc2
Kf8 28. Kg3 Rd6 29. f4 e6 30. Bd1 Rf6 31. Bg4 h5 32. Bh3 Ke7 33. Re3 Rd8 34. Bg2
Kd6 35. Bh3 Rdf8 36. Re5 Rc8 37. Kh4 Rxf4+ 38. Kg5 Re4 0-1

[Event "Mondiale Lampo FIDE 2022"]
[Site "Alma Ata"]
[Date "30.12.2022"]
[Round "13.76"]
[White "Munkhdalai, Amilal"]
[Black "Maze, Sebastien"]
[Result "1/2-1/2"]
[WhiteTitle ""]
[BlackTitle ""]
[WhiteElo "2142"]
[BlackElo "2538"]
[WhiteFideId "4903250"]
[BlackFideId "613762"]
[EventDate "29.12.2022"]

1. e4 e5 2. Nf3 Nc6 3. Bb5 a6 4. Ba4 Nf6 5. d3 d6 6. c4 g6 7. h3 Bg7 8. Be3 O-O
9. Nc3 Nd7 10. Bxc6 bxc6 11. d4 Rb8 12. Rb1 f5 13. exf5 gxf5 14. dxe5 dxe5 15.
O-O e4 16. Nd4 Ne5 17. b3 f4 18. Bc1 c5 19. Nde2 f3 20. Qxd8 Rxd8 21. Ng3 fxg2
22. Kxg2 Bb7 23. Ncxe4 Rf8 24. f3 Rbe8 25. Bb2 Nxf3 26. Rxf3 Rxe4 27. Bxg7 Rxf3
28. Kxf3 Re1+ 29. Kg4 Rxb1 30. Be5 Rg1 31. Bxc7 Rg2 32. Bd6 Rxa2 33. Bxc5 Rb2
34. b4 Rc2 35. Nf5 Rxc4+ 36. Kg5 a5 37. Nd6 Rxc5+ 38. bxc5 Bd5 39. Kf6 a4 40.
Nb5 h5 41. h4 Kh7 42. Na3 Kh6 43. Kf5 Bc6 44. Kf6 Kh7 45. Kf5 Kg7 46. Kg5 Be8
47. c6 Bxc6 48. Kxh5 Kf6 49. Kg4 Ke5 50. h5 Be4 51. h6 Kd4 52. Nb5+ Kc5 53. Nc3
Bh7 54. Nxa4+ Kd6 55. Kg5 Ke7 56. Nc3 Kf7 57. Nd5 Bb1 58. Nf6 Bc2 59. h7 Bxh7 1/2-1/2

[Event "Mondiale Lampo FIDE 2022"]
[Site "Alma Ata"]
[Date "30.12.2022"]
[Round "13.77"]
[White "Sapenov, Daniyal"]
[Black "Arjun, Kalyan"]
[Result "1-0"]
[WhiteTitle ""]
[BlackTitle ""]
[WhiteElo "2323"]
[BlackElo "2505"]
[WhiteFideId "13728911"]
[BlackFideId "35018701"]
[EventDate "29.12.2022"]

1. d4 Nf6 2. Nf3 d5 3. c4 e6 4. g3 Bb4+ 5. Bd2 a5 6. Bg2 O-O 7. Qc2 c5 8. dxc5
d4 9. Bxb4 axb4 10. O-O Nc6 11. Nbd2 e5 12. Ng5 h6 13. Nge4 Nd7 14. a3 bxa3 15.
Rxa3 Rxa3 16. bxa3 f5 17. Nd6 Nxc5 18. Bd5+ Kh7 19. Nxc8 Qxc8 20. Rb1 Ne7 21.
Rb5 Qc7 22. Nb3 b6 23. Bg2 Qd6 24. Nxc5 bxc5 25. a4 e4 26. a5 Nc6 27. Rb6 Rf6
28. a6 Qd8 29. Qb1 Na7 30. Rxf6 Qxf6 31. Qb7 d3 32. exd3 exd3 33. Bf3 d2 34.
Qxa7 Qc3 35. Qb7 Qc1+ 36. Kg2 d1=Q 37. Bxd1 Qxd1 38. a7 f4 39. a8=Q 1-0

[Event "Mondiale Lampo FIDE 2022"]
[Site "Alma Ata"]
[Date "30.12.2022"]
[Round "13.78"]
[White "Damjanovic, Vuk"]
[Black "Mamedov, Edgar"]
[Result "1-0"]
[WhiteTitle ""]
[BlackTitle ""]
[WhiteElo "2361"]
[BlackElo "2283"]
[WhiteFideId "980021"]
[BlackFideId "13739980"]
[EventDate "29.12.2022"]

1. d4 d5 2. c4 e6 3. Nc3 a6 4. cxd5 exd5 5. Bf4 Nf6 6. e3 Bd6 7. Bg5 c6 8. Bd3
h6 9. Bh4 Be6 10. Nge2 Nbd7 11. Bg3 Qc7 12. Rc1 O-O 13. O-O Bxg3 14. Nxg3 Rfe8
15. Qd2 h5 16. h3 g6 17. Nge2 Nf8 18. f3 Rad8 19. e4 dxe4 20. fxe4 N8h7 21. Kh1
Qe7 22. Qf4 b5 23. a3 Rc8 24. Qg3 c5 25. e5 Nd5 26. Nxd5 Bxd5 27. Nf4 Red8 28.
Rce1 Qg5 29. Qf2 c4 30. Nxd5 cxd3 31. Qxf7+ Kh8 32. Ne7 Rg8 33. Nxg8 Rxg8 34.
Qf4 Qe7 35. Qe3 Rd8 36. Qxd3 Qg5 37. Qe4 Nf8 38. d5 Nd7 39. e6 Nf6 40. Qd4 Kg7
41. e7 Re8 42. d6 1-0

[Event "Mondiale Lampo FIDE 2022"]
[Site "Alma Ata"]
[Date "30.12.2022"]
[Round "13.79"]
[White "Shishkov, Andrei"]
[Black "Haldorsen, Benjamin"]
[Result "1/2-1/2"]
[WhiteTitle ""]
[BlackTitle ""]
[WhiteElo "2340"]
[BlackElo "2449"]
[WhiteFideId "4500563"]
[BlackFideId "1512633"]
[EventDate "29.12.2022"]

1. d4 Nf6 2. c4 c5 3. d5 e6 4. Nc3 exd5 5. cxd5 d6 6. e4 g6 7. h3 Bg7 8. Nf3 a6
9. a4 Nbd7 10. Bd3 Nh5 11. Bg5 Bf6 12. Be3 Ne5 13. Be2 Nxf3+ 14. Bxf3 Ng7 15.
O-O O-O 16. Qd2 Rb8 17. Be2 Bd7 18. Bf4 Qe7 19. a5 Be5 20. Rfe1 Bxf4 21. Qxf4 g5
22. Qd2 f6 23. Bg4 Bxg4 24. hxg4 h5 25. Qe2 h4 26. Na4 Ne8 27. Nb6 Nc7 28. Qf3
Nb5 29. Qf5 Nd4 30. Qg6+ Qg7 31. Qxg7+ Kxg7 32. Nd7 Nc2 33. Rac1 Nxe1 34. Rxe1
Rfd8 35. Nxb8 Rxb8 36. Re3 b5 37. axb6 Rxb6 38. Ra3 Kf7 39. b3 Ke7 40. Kh2 Kd7
41. g3 hxg3+ 42. Kxg3 Kc7 43. Kf3 Kb7 44. Ke3 Rb4 45. f3 Kb6 46. Kd3 a5 47. Kc3
Kb5 48. Ra1 a4 49. bxa4+ Rxa4 50. Rb1+ Ka6 51. Kd3 Rb4 52. Ra1+ Kb7 53. Ra3 Rb2
54. Ke3 Rb1 55. Ke2 Rb2+ 56. Ke3 Kb6 57. Ra8 Rb3+ 58. Ke2 c4 59. Rf8 Kc5 60.
Rxf6 Kd4 61. Rxd6 Rb2+ 62. Kd1 Kd3 63. Ke1 c3 64. Rc6 Rb1+ 65. Kf2 c2 66. d6 Rb4
67. e5 Rc4 68. Rxc4 Kxc4 69. d7 c1=Q 70. d8=Q Qb2+ 71. Kf1 Qxe5 72. Kg2 Qe2+ 73.
Kg3 Qe5+ 74. Kh3 Qf4 75. Qd1 Qe3 76. Kg2 Kc3 77. Kf1 Qf4 78. Kf2 Qh2+ 79. Ke3
Qe5+ 80. Kf2 Qh2+ 81. Ke3 Qe5+ 1/2-1/2

[Event "Mondiale Lampo FIDE 2022"]
[Site "Alma Ata"]
[Date "30.12.2022"]
[Round "13.80"]
[White "Uruci, Endrit"]
[Black "Mamatov, Melis"]
[Result "1-0"]
[WhiteTitle ""]
[BlackTitle ""]
[WhiteElo "2297"]
[BlackElo "2399"]
[WhiteFideId "22100199"]
[BlackFideId "13800027"]
[EventDate "29.12.2022"]

1. e4 c5 2. Nf3 d6 3. Bb5+ Nd7 4. d4 cxd4 5. Qxd4 a6 6. Bxd7+ Bxd7 7. Nc3 Nf6 8.
Bg5 h6 9. Bh4 g5 10. Bg3 Bg7 11. O-O-O O-O 12. e5 dxe5 13. Bxe5 Bc6 14. Qc5 Qc8
15. Qxe7 Re8 16. Qd6 Qf5 17. Rhe1 Rad8 18. Qxd8 Rxd8 19. Rxd8+ Kh7 20. Bg3 Bxf3
21. gxf3 Qxf3 22. Rd3 Qf5 23. Kb1 Nh5 24. Ne4 Nxg3 25. fxg3 a5 26. a3 b5 27.
Rde3 b4 28. axb4 axb4 29. Nd6 Qf6 30. Nc4 Qd4 31. Re4 Qd5 32. h4 Bf6 33. h5 Bg7
34. g4 b3 35. cxb3 Qd3+ 36. Ka2 Qd5 37. Re7 Qf3 38. Ra7 Qxg4 39. Rxf7 Kg8 40.
Ree7 Bf8 41. Ra7 Qxh5 42. Rfd7 Qe2 43. Rd8 h5 44. Raa8 Qf3 45. Ne5 Qf4 46. Ng6
Qb4 47. Nxf8 Kf7 48. Nd7 Ke6 49. Nf8+ Kf5 50. Rdb8 Qe1 51. Rb5+ 1-0

[Event "Mondiale Lampo FIDE 2022"]
[Site "Alma Ata"]
[Date "30.12.2022"]
[Round "13.81"]
[White "Gurel, Ediz"]
[Black "Begmuratov, Khumoyun"]
[Result "1/2-1/2"]
[WhiteTitle ""]
[BlackTitle ""]
[WhiteElo "2454"]
[BlackElo "2399"]
[WhiteFideId "44507356"]
[BlackFideId "14210207"]
[EventDate "29.12.2022"]

1. e4 e5 2. Nf3 Nc6 3. Bb5 Nf6 4. O-O Nxe4 5. Re1 Nd6 6. Nxe5 Be7 7. Bf1 Nxe5 8.
Rxe5 O-O 9. d4 Bf6 10. Re1 Re8 11. Rxe8+ Nxe8 12. Bf4 d5 13. c3 c6 14. Bd3 g6
15. Nd2 Ng7 16. Nf3 Bf5 17. h3 Qd7 18. Ne5 Bxe5 19. Bxe5 Bxd3 20. Qxd3 Re8 21.
g4 Qe7 22. Qf3 Qg5 23. Kg2 f5 24. Qg3 fxg4 25. hxg4 h5 26. gxh5 Qxg3+ 27. fxg3
Nxh5 28. g4 Ng7 29. Rh1 g5 30. Rh6 Ne6 31. Rh8+ Kf7 32. Rh7+ Kg6 33. Rxb7 a5 34.
Rb6 Rc8 35. Ra6 Nf4+ 36. Bxf4 gxf4 37. Kf3 Kg5 38. Ra7 Rf8 39. Rc7 Rh8 40. Rg7+
Kf6 41. Rc7 Kg5 42. Rxc6 Rh3+ 43. Kg2 Rd3 44. Kf2 Kxg4 45. Rg6+ Kf5 46. Ra6 Rd2+
47. Kf3 Rd3+ 48. Ke2 Re3+ 49. Kf2 Rh3 50. a4 Ke4 51. Re6+ Kd3 52. Re5 Rh2+ 53.
Kf3 Rxb2 54. Rxd5 Kxc3 55. Rxa5 Kxd4 56. Kxf4 Kc4 57. Ra8 Rb7 58. Ke5 Kc5 59.
Ke4 Re7+ 60. Kd3 Rd7+ 61. Kc3 Rc7 1/2-1/2

[Event "Mondiale Lampo FIDE 2022"]
[Site "Alma Ata"]
[Date "30.12.2022"]
[Round "13.82"]
[White "Korelskiy, Egor"]
[Black "Vetokhin, Savva"]
[Result "0-1"]
[WhiteTitle ""]
[BlackTitle ""]
[WhiteElo "2153"]
[BlackElo "2354"]
[WhiteFideId "34329064"]
[BlackFideId "44144474"]
[EventDate "29.12.2022"]

1. e4 c5 2. Nf3 e6 3. d4 cxd4 4. Nxd4 Nf6 5. Nc3 Nc6 6. Ndb5 Bc5 7. Nd6+ Ke7 8.
Nxc8+ Rxc8 9. Be2 Re8 10. O-O Kf8 11. a3 Kg8 12. Bf4 Qe7 13. e5 Nd5 14. Nxd5
exd5 15. Qxd5 Nxe5 16. Bxe5 Qxe5 17. Qxe5 Rxe5 18. Bf3 d5 19. c3 d4 20. b4 Bb6
21. cxd4 Bxd4 22. Rad1 Rd8 23. Bxb7 Re2 24. Kh1 g6 25. f3 Ra2 26. Rd3 Kg7 27. h3
Bf6 28. Rxd8 Bxd8 29. b5 Rxa3 30. Rb1 Bc7 31. Bd5 h5 32. Kg1 Rd3 33. Be4 Rd2 34.
Kh1 h4 35. Ra1 Kh6 36. Kg1 Kg5 37. Rc1 Bb6+ 38. Kh1 Kf4 39. Rf1 Kg3 40. f4 Bf2
41. Bf3 Kxf4 42. Ra1 Bd4 43. Rf1 f5 44. Bh5+ Kg5 45. Bf3 Kf6 46. Bc6 Ke5 47. Bf3
g5 48. Bc6 g4 49. hxg4 fxg4 50. Bd7 g3 51. Bc6 Kd6 52. Re1 Kc5 53. Rc1+ Kb6 54.
Rf1 h3 55. gxh3 Rh2# 0-1

[Event "Mondiale Lampo FIDE 2022"]
[Site "Alma Ata"]
[Date "30.12.2022"]
[Round "13.83"]
[White "Nissinen, Niilo Man"]
[Black "Kazakov, Konstantin"]
[Result "0-1"]
[WhiteTitle ""]
[BlackTitle ""]
[WhiteElo "1996"]
[BlackElo "2385"]
[WhiteFideId "30950767"]
[BlackFideId "13700898"]
[EventDate "29.12.2022"]

1. e4 Nf6 2. e5 Nd5 3. c4 Nb6 4. a4 a5 5. Nf3 d6 6. exd6 exd6 7. d4 Be7 8. Bd3
O-O 9. h3 Nc6 10. O-O Bf6 11. c5 dxc5 12. dxc5 Nd5 13. Bc4 Ndb4 14. Qb3 Bf5 15.
Na3 Nd4 16. Nxd4 Qxd4 17. c6 bxc6 18. Rd1 Qe5 19. Be3 Qxb2 20. Rac1 Qxb3 21.
Bxb3 Bb2 22. Bc5 Bxa3 23. Bxf8 Bxc1 24. Bxb4 0-1